| 000 | 004670000a22001570004500 | ||
|---|---|---|---|
| 003 | MACL | ||
| 005 | 20171126121729.0 | ||
| 008 | 171126b xxu||||| |||| 00| 0 eng d | ||
| 040 | _cmacl | ||
| 100 |
_aसिंह ,डॉ प्रदीप _969522 |
||
| 245 | _aभारतीय शिल्प | ||
| 260 |
_aदिल्ली _bशिवाकं प्रकाशन _c2010 |
||
| 350 | _a795 | ||
| 650 |
_aकला _969523 |
||
| 942 |
_cHIN _k700 _2ddc |
||
| 999 |
_c47344 _d47344 |
||